[Event "XIII Memorial Edoardo Crespi Open"]
[Site "Milano ITA"]
[Date "1992.12.??"]
[Round "?"]
[White "Nurkic, Sahbaz"]
[Black "Lagrotteria, Salvatore"]
[Result "1-0"]
[WhiteElo "2435"]
[BlackElo "2250"]
[PlyCount "65"]
[EventDate "1992.12.05"]

1. e4 c5 2. Nf3 d6 3. Bb5+ Bd7 4. a4 Nc6 5. O-O Nf6 6. Re1 a6 7. Bf1 e6 8. c3
Rc8 9. d4 cxd4 10. cxd4 e5 11. d5 Nb8 12. h3 h6 13. Nc3 g5 14. Nh2 Rg8 15. Qb3
g4 16. hxg4 Nxg4 17. Nxg4 Bxg4 18. Qxb7 Be7 19. Be3 Nd7 20. Qxa6 Nc5 21. Bxc5
Rxc5 22. Nb5 Bc8 23. Qa7 Bg5 24. Qb8 Rg6 25. Ra3 Bf4 26. Rf3 Kf8 27. g3 Kg7 28.
Bg2 Qa5 29. Rf1 Bg4 30. Nxd6 Bxf3 31. b4 Bxg3 32. fxg3 Rc2 33. Rxf3 1-0

[Event "XIII Memorial Edoardo Crespi Open"]
[Site "Milano ITA"]
[Date "1992.12.??"]
[Round "1"]
[White "Drazic, Sinisa"]
[Black "Pagnoncelli, Marco"]
[Result "1-0"]
[WhiteElo "2410"]
[BlackElo "1600"]
[PlyCount "43"]
[EventDate "1992.12.05"]

1. d4 Nf6 2. Bg5 e6 3. e4 h6 4. Bxf6 Qxf6 5. Nf3 b6 6. c3 Bb7 7. Nbd2 g5 8. Bd3
Be7 9. a4 a5 10. Qe2 Nc6 11. Nc4 O-O-O 12. O-O h5 13. Nfe5 Nxe5 14. Nxe5 g4 15.
Ba6 Bd6 16. f4 Qg7 17. b4 axb4 18. a5 f6 19. axb6 cxb6 20. Bxb7+ Kxb7 21. Qa6+
Kc7 22. Qa7+ 1-0

[Event "XIII Memorial Edoardo Crespi Open"]
[Site "Milano ITA"]
[Date "1992.12.??"]
[Round "1"]
[White "Masotino, Nicola"]
[Black "Pieri, Filippo"]
[Result "0-1"]
[WhiteElo "1597"]
[BlackElo "2235"]
[PlyCount "58"]
[EventDate "1992.12.05"]

1. d4 Nf6 2. c4 c5 3. d5 e6 4. Nc3 exd5 5. cxd5 d6 6. e4 g6 7. f4 Bg7 8. Nf3
O-O 9. Bd3 a6 10. a4 Re8 11. O-O c4 12. Bc2 Nbd7 13. Be3 Qc7 14. h3 Nc5 15. e5
Nh5 16. Kh2 Nd3 17. Bxd3 cxd3 18. Bd4 Nxf4 19. Ne4 dxe5 20. Rc1 Qd8 21. Bc5
Qxd5 22. Nd6 Be6 23. Nxe8 Rxe8 24. Qd2 Ne2 25. Be3 e4 26. Ng5 Nxc1 27. Rxc1 h6
28. Nxe6 Qxe6 29. g4 Rc8 0-1

[Event "XIII Memorial Edoardo Crespi Open"]
[Site "Milano ITA"]
[Date "1992.12.??"]
[Round "2"]
[White "Elitropi, Giorgio"]
[Black "Muraro, Alberto"]
[WhiteElo "1794"]
[BlackElo "1963"]
[Result "0-1"]
[PlyCount "48"]
[EventDate "1992.12.05"]

1. e4 e5 2. f4 d5 3. exd5 e4 4. d3 Qxd5 5. Qe2 Nf6 6. Nc3 Bb4 7. Bd2 Bxc3 8.
Bxc3 Bg4 9. Qe3 Nbd7 10. h3 Be6 11. Be2 O-O 12. g4 exd3 13. Bf3 Qb5 14. cxd3
Rfe8 15. Kf2 Bxg4 16. Qd2 Bf5 17. Rd1 Nc5 18. Bxf6 Nxd3+ 19. Kg3 gxf6 20. b3
Kh8 21. Ne2 Qb6 22. Nc1 Rad8 23. Nxd3 Rxd3 24. Qf2 Rg8+ 0-1

[Event "XIII Memorial Edoardo Crespi Open"]
[Site "Milano ITA"]
[Date "1992.12.??"]
[Round "2"]
[White "Fasoli, Stefano"]
[Black "Yeuillaz, Corrado"]
[Result "1/2-1/2"]
[WhiteElo "1783"]
[BlackElo "2230"]
[PlyCount "121"]
[EventDate "1992.12.05"]

1. d4 e6 2. Nc3 d5 3. Nf3 Nf6 4. Bg5 Bb4 5. e3 Nbd7 6. Bd3 c5 7. O-O O-O 8. a3
Bxc3 9. bxc3 c4 10. Be2 Qa5 11. Qe1 Re8 12. Bxf6 Nxf6 13. Ne5 Ne4 14. Bh5 Rf8
15. f3 Nd6 16. Ng4 Qd8 17. Nf2 f5 18. f4 Bd7 19. a4 Qa5 20. Bf3 Rac8 21. Qd2
Rc6 22. Rfb1 Qc7 23. Qc1 Ra6 24. Rb4 Qd8 25. Kh1 Bc6 26. Qg1 Qd7 27. g4 Ne4 28.
Bxe4 fxe4 29. Qb1 Ra5 30. Ra3 Qe7 31. g5 b6 32. Ng4 Qe8 33. Ne5 Bxa4 34. Qa1 b5
35. Qg1 Ra6 36. Qg4 Rb6 37. h4 Rf5 38. h5 h6 39. g6 a5 40. Rb2 b4 41. cxb4 axb4
42. Raa2 b3 43. cxb3 Rxb3 44. Nf7 Qb8 45. Qh4 Rxh5 46. Qxh5 Rxb2 47. Rxb2 Qxb2
48. Qh4 Qb1+ 49. Kh2 Qb2+ 50. Kh1 Qb5 51. Qd8+ Qe8 52. Qc7 Bd7 53. Nd6 Qxg6 54.
Qxd7 Qh5+ 55. Kg2 Qg4+ 56. Kh2 Qe2+ 57. Kh1 Qf1+ 58. Kh2 Qf2+ 59. Kh1 Qh4+ 60.
Kg2 Qg4+ 61. Kh2 1/2-1/2

[Event "XIII Memorial Edoardo Crespi Open"]
[Site "Milano ITA"]
[Date "1992.12.??"]
[Round "2"]
[White "Guerrieri, Lorenzo"]
[Black "Buonocore, Elio"]
[Result "0-1"]
[WhiteElo "1723"]
[BlackElo "2154"]
[PlyCount "102"]
[EventDate "1992.12.05"]

1. e4 e5 2. Bc4 Nf6 3. Nc3 Nc6 4. d3 Na5 5. Nge2 Nxc4 6. dxc4 Bc5 7. O-O d6 8.
Bg5 Be6 9. Qd3 h6 10. Bxf6 Qxf6 11. Nd5 Bxd5 12. cxd5 O-O 13. Rad1 g6 14. Qh3
Kh7 15. Rd3 Qe7 16. Ng3 Rad8 17. Kh1 Qg5 18. Rf3 c6 19. c4 cxd5 20. cxd5 Rde8
21. a3 Re7 22. b4 Bd4 23. Ne2 Qd2 24. Qg4 h5 25. Rh3 f5 26. Qh4 Rc7 27. Ng1
fxe4 28. Qxe4 Rxf2 29. Rg3 Qh6 30. Rf3 Rxf1 31. Rxf1 Rc1 32. Qf3 Rxf1 33. Qxf1
Qf4 34. Qb1 Qe3 35. Nf3 e4 36. Nxd4 Qxd4 37. h3 Qxd5 38. Qg1 b6 39. Qc1 Qb7 40.
Qd2 Qe7 41. Qe3 Qe5 42. a4 d5 43. a5 d4 44. Qf2 Kg7 45. axb6 axb6 46. Qa2 e3
47. Qa7+ Kf8 48. Qa8+ Qe8 49. Qf3+ Kg8 50. Qd5+ Kh7 51. Qc4 e2 0-1

[Event "XIII Memorial Edoardo Crespi Open"]
[Site "Milano ITA"]
[Date "1992.12.??"]
[Round "2"]
[White "Lagrotteria, Salvatore"]
[Black "Carbone, Lorenzo"]
[Result "1-0"]
[WhiteElo "2250"]
[BlackElo "1743"]
[PlyCount "109"]
[EventDate "1992.12.05"]

1. Nf3 c5 2. g3 Nc6 3. Bg2 Nf6 4. d3 e6 5. O-O Be7 6. Nbd2 O-O 7. e4 d6 8. c3
Bd7 9. Ne1 Re8 10. f4 Bf8 11. g4 g6 12. Nc4 Rb8 13. e5 Nd5 14. Nxd6 Bxd6 15.
exd6 Nb6 16. Nf3 Nc8 17. Be3 b6 18. Ng5 Nxd6 19. f5 exf5 20. Bf4 Ne5 21. d4
Nxg4 22. dxc5 bxc5 23. Qxd6 Rxb2 24. Rae1 Bb5 25. Bd5 Nh6 26. Qxd8 Rxd8 27. c4
Rxa2 28. Ra1 Rxa1 29. Rxa1 Bxc4 30. Bxc4 Rd4 31. Nh3 Ng4 32. Be2 h6 33. Rxa7 g5
34. Bg3 Rd2 35. Kf1 Rc2 36. Ra8+ Kg7 37. Bxg4 fxg4 38. Be5+ Kg6 39. Nf2 Rc1+
40. Ke2 Rc2+ 41. Ke3 Kf5 42. Nd3 c4 43. Ne1 Rc1 44. Bg3 h5 45. Ra5+ Kg6 46. Kd2
Rb1 47. Ra6+ Kf5 48. Nc2 h4 49. Bd6 Ke4 50. Ra5 f6 51. Rc5 Rb7 52. Rxc4+ Kf3
53. Ne1+ Kf2 54. Bc5+ Kf1 55. Rxg4 1-0

[Event "XIII Memorial Edoardo Crespi Open"]
[Site "Milano ITA"]
[Date "1992.12.??"]
[Round "2"]
[White "Maran, Walter"]
[Black "Legky, Nikolay A."]
[Result "0-1"]
[WhiteElo "1800"]
[BlackElo "2480"]
[PlyCount "56"]
[EventDate "1992.12.05"]

1. e4 e6 2. d4 d5 3. Nd2 c5 4. exd5 exd5 5. dxc5 Bxc5 6. Nb3 Bb6 7. Nf3 Nf6 8.
Bb5+ Nc6 9. O-O O-O 10. Bg5 Qd6 11. c3 Ne4 12. Bh4 Bg4 13. Bd3 Rfe8 14. Re1 Qh6
15. Bg3 Qh5 16. Be2 Nxg3 17. hxg3 Re6 18. Nfd4 Rh6 19. f3 Bc7 20. f4 Qh2+ 21.
Kf2 Rh3 22. Bxg4 Qxg3+ 23. Kg1 Rh4 24. Nf5 Qh2+ 25. Kf2 Qxf4+ 26. Bf3 Qxf5 27.
Qxd5 Bb6+ 28. Nd4 Nxd4 0-1

[Event "XIII Memorial Edoardo Crespi Open"]
[Site "Milano ITA"]
[Date "1992.12.??"]
[Round "2"]
[White "Olivo, Mario"]
[Black "Chachere, Lawrence"]
[Result "0-1"]
[WhiteElo "1747"]
[BlackElo "2240"]
[PlyCount "50"]
[EventDate "1992.12.05"]

1. d4 Nf6 2. c4 e6 3. Nc3 Bb4 4. Qc2 O-O 5. a3 Bxc3+ 6. Qxc3 d6 7. Nf3 b6 8. g3
Bb7 9. Bg2 c5 10. dxc5 bxc5 11. O-O Qc7 12. b4 cxb4 13. axb4 Rc8 14. Rd1 Nd5
15. Qd4 Qxc4 16. Qxc4 Rxc4 17. b5 Nd7 18. Ba3 Nc5 19. Nd4 Nc3 20. Bxb7 Nxb7 21.
Rd2 Rxd4 22. Rc2 Nxb5 23. Rac1 h6 24. Rc8+ Rxc8 25. Rxc8+ Kh7 0-1

[Event "XIII Memorial Edoardo Crespi Open"]
[Site "Milano ITA"]
[Date "1992.12.??"]
[Round "2"]
[White "Pieri, Filippo"]
[Black "Loda', Domenico"]
[Result "1-0"]
[WhiteElo "2235"]
[BlackElo "1773"]
[PlyCount "47"]
[EventDate "1992.12.05"]

1. e4 c5 2. Nf3 Nc6 3. d4 cxd4 4. Nxd4 Nf6 5. Nc3 e5 6. Ndb5 d6 7. Bg5 a6 8.
Na3 b5 9. Bxf6 gxf6 10. Nd5 f5 11. Bd3 Be6 12. O-O Bg7 13. c4 bxc4 14. Nxc4 O-O
15. Ncb6 fxe4 16. Bxe4 Rb8 17. Bxh7+ Kh8 18. Qh5 Re8 19. Rac1 Rxb6 20. Nxb6
Qxb6 21. Rxc6 Qxb2 22. Rc7 Qb8 23. Rfc1 Qb2 24. Bg6+ 1-0

[Event "XIII Memorial Edoardo Crespi Open"]
[Site "Milano ITA"]
[Date "1992.12.??"]
[Round "2"]
[White "Redo, Giorgio"]
[Black "Tarek, Youssef"]
[Result "1-0"]
[WhiteElo "1933"]
[BlackElo "1654"]
[PlyCount "97"]
[EventDate "1992.12.05"]

1. e4 e5 2. Nf3 Nc6 3. Nc3 Nf6 4. d4 exd4 5. Nxd4 d6 6. Bb5 Bd7 7. O-O Be7 8.
Bg5 h6 9. Be3 O-O 10. h3 Re8 11. Bxc6 bxc6 12. Qf3 c5 13. Nf5 Bf8 14. Rad1 Qc8
15. Nxh6+ gxh6 16. Qxf6 Re6 17. Qh4 Rg6 18. Kh2 c6 19. Qh5 Kh7 20. f4 f5 21.
exf5 Rg7 22. g4 Qe8 23. Qxe8 Rxe8 24. Bf2 Kg8 25. Rfe1 Rb8 26. b3 d5 27. Bh4
Rb4 28. Bf6 Rf7 29. Be5 Be7 30. Kg3 Bf6 31. Bxf6 Rxf6 32. Ne4 Rf7 33. Nxc5 Bc8
34. Re8+ Rf8 35. Rde1 Rb5 36. Rxf8+ Kxf8 37. Nd3 a5 38. a4 Rb8 39. Ne5 Rb7 40.
Ng6+ Kf7 41. Kh4 c5 42. Kh5 Rc7 43. Kxh6 c4 44. Kg5 c3 45. h4 Bb7 46. h5 Kg7
47. h6+ Kh7 48. Re8 Rc8 49. Re7+ 1-0

[Event "XIII Memorial Edoardo Crespi Open"]
[Site "Milano ITA"]
[Date "1992.12.??"]
[Round "2"]
[White "Salami, Marco"]
[Black "Gandolfi, Gianfranco"]
[Result "1-0"]
[WhiteElo "2007"]
[BlackElo "1716"]
[PlyCount "49"]
[EventDate "1992.12.05"]

1. e4 c5 2. Nc3 e6 3. Nge2 Nc6 4. g3 d5 5. exd5 exd5 6. Bg2 Nf6 7. Nf4 Be6 8.
O-O Be7 9. Re1 Qd7 10. Nxe6 fxe6 11. Bh3 Nd4 12. Nb1 O-O 13. c3 Nf5 14. Qe2 Ne4
15. d3 Ng5 16. Bg2 d4 17. h4 Nf7 18. Qxe6 Qxe6 19. Rxe6 Nd8 20. Re1 Bf6 21. c4
Rc8 22. Bd5+ Kh8 23. Bf4 Nc6 24. Nd2 b6 25. Be6 1-0

[Event "XIII Memorial Edoardo Crespi Open"]
[Site "Milano ITA"]
[Date "1992.12.??"]
[Round "2"]
[White "Zanni, Sandro"]
[Black "Facchetti, Gianni"]
[Result "0-1"]
[WhiteElo "1711"]
[BlackElo "2133"]
[PlyCount "94"]
[EventDate "1992.12.05"]

1. d4 Nf6 2. c4 e5 3. dxe5 Ng4 4. Nf3 Nc6 5. e3 Ngxe5 6. Be2 Bb4+ 7. Bd2 Bxd2+
8. Qxd2 d6 9. O-O O-O 10. Nc3 a5 11. b3 Nxf3+ 12. Bxf3 Ne5 13. Be2 Nd7 14. f4
f5 15. e4 fxe4 16. Nxe4 Nf6 17. Bf3 h6 18. Rae1 Kh8 19. Re2 Nxe4 20. Bxe4 Qf6
21. g3 a4 22. b4 c6 23. Bf3 Be6 24. Rc1 Rad8 25. b5 d5 26. bxc6 bxc6 27. cxd5
Bxd5 28. Bxd5 Rxd5 29. Qc3 Rd1+ 30. Re1 Qxc3 31. Rexd1 Qe3+ 32. Kg2 Qe2+ 33.
Kh3 Qxa2 34. Rxc6 Qb2 35. Ra6 a3 36. Rd3 Rf5 37. Ra8+ Kh7 38. Raxa3 Rh5+ 39.
Kg4 Qb5 40. h4 Rd5 41. Re3 Qc6 42. Rac3 h5+ 43. Kh3 Qd7+ 44. Kg2 Rd2+ 45. Kf3
Qd5+ 46. Re4 Rd4 47. Rce3 Kg6 0-1

[Event "XIII Memorial Edoardo Crespi Open"]
[Site "Milano ITA"]
[Date "1992.12.??"]
[Round "3"]
[White "Barbieri, Giovanni"]
[Black "Negro, Roberto"]
[WhiteElo "1884"]
[BlackElo "2154"]
[Result "1-0"]
[PlyCount "117"]
[EventDate "1992.12.05"]

1. e4 c5 2. g3 d5 3. exd5 Qxd5 4. Qf3 Qd8 5. Bg2 Nf6 6. Qe2 Nc6 7. Nf3 a6 8. h3
Bf5 9. d3 e6 10. Bd2 Be7 11. O-O h6 12. Bc3 O-O 13. Nbd2 Nd5 14. Rab1 Ndb4 15.
Bxb4 Nxb4 16. Nc4 Rc8 17. a3 Nc6 18. Rfe1 Qc7 19. c3 b5 20. Ne3 Bh7 21. Rbd1
Rfd8 22. Ng4 Bf8 23. Nge5 Nxe5 24. Nxe5 b4 25. axb4 cxb4 26. d4 Bd6 27. Nc6 Rf8
28. Qxa6 Ra8 29. Qe2 b3 30. Ra1 Ra2 31. c4 Be7 32. Nxe7+ Qxe7 33. c5 Qa7 34.
Rxa2 bxa2 35. Ra1 Qa4 36. Qc4 Rd8 37. b4 Bb1 38. c6 Qa7 39. Qc3 Qb6 40. Qc5 Qc7
41. b5 Rb8 42. Bf1 Kh7 43. Bc4 Qa5 44. c7 Rc8 45. b6 Qc3 46. Rxa2 Qe1+ 47. Kg2
Bxa2 48. Bxa2 Qe4+ 49. Kh2 Ra8 50. Qc4 Qf3 51. Qc2+ g6 52. Bb1 f5 53. Kg1 Qb7
54. Qc5 Re8 55. Qd6 Kg8 56. Ba2 Qe4 57. c8=Q Qe1+ 58. Kg2 Qe4+ 59. Kh2 1-0

[Event "XIII Memorial Edoardo Crespi Open"]
[Site "Milano ITA"]
[Date "1992.12.??"]
[Round "3"]
[White "Barlocco, Carlo"]
[Black "Redo, Giorgio"]
[Result "0-1"]
[WhiteElo "2340"]
[BlackElo "1933"]
[PlyCount "114"]
[EventDate "1992.12.05"]

1. Nf3 f5 2. e4 fxe4 3. Ng5 Nf6 4. d3 d5 5. dxe4 h6 6. Nf3 dxe4 7. Qxd8+ Kxd8
8. Ne5 Ke8 9. Bc4 e6 10. O-O Bd6 11. Ng6 Rg8 12. Nc3 Kf7 13. Nf4 Nc6 14. Re1
Nd4 15. Bb3 g5 16. Nfe2 Nxb3 17. axb3 b6 18. Be3 Bd7 19. Bd4 e5 20. Be3 Bb4 21.
Bd2 a5 22. Ng3 Bc6 23. Rad1 Rad8 24. Bc1 Kg6 25. Nf1 Rd6 26. Ne3 b5 27. Kf1
Rgd8 28. Ke2 Bc5 29. h3 h5 30. Bd2 Rd4 31. Nb1 b4 32. c3 Bb5+ 33. c4 Ba6 34.
Bc1 a4 35. f3 axb3 36. Nd2 Rd3 37. Nxe4 Bxe3 38. Rxd3 Bxc4 39. Bxe3 Bxd3+ 40.
Kf2 Bxe4 41. fxe4 Nxe4+ 42. Ke2 Nc3+ 43. Kf1 Nd5 44. Bc5 Kf5 45. Ra1 h4 46. Ra5
Ke4 47. Rb5 c6 48. Rb7 Ne3+ 49. Kg1 Rd1+ 50. Kf2 Rd2+ 51. Ke1 Rxb2 52. Bxb4
Nc2+ 53. Kd1 Nxb4 54. Rxb4+ Kd3 55. Kc1 c5 56. Rg4 Rf2 57. g3 Kc3 0-1

[Event "XIII Memorial Edoardo Crespi Open"]
[Site "Milano ITA"]
[Date "1992.12.??"]
[Round "3"]
[White "Buonocore, Elio"]
[Black "Lagrotteria, Salvatore"]
[Result "1/2-1/2"]
[WhiteElo "2154"]
[BlackElo "2250"]
[PlyCount "82"]
[EventDate "1992.12.05"]

1. e4 c5 2. c3 Nf6 3. e5 Nd5 4. Nf3 Nc6 5. Bc4 Nb6 6. Bb3 d5 7. exd6 exd6 8. d4
Be7 9. O-O Bg4 10. dxc5 dxc5 11. Na3 Qxd1 12. Rxd1 O-O 13. Bf4 Rad8 14. Nb5 c4
15. Bc2 Nd5 16. Bg3 f5 17. Nc7 Nxc7 18. Bxc7 Rxd1+ 19. Rxd1 Rc8 20. Bf4 g6 21.
Rd7 Bxf3 22. gxf3 b5 23. Rb7 a6 24. Rb6 b4 25. Ba4 g5 26. Bxc6 gxf4 27. cxb4
Kg7 28. Bd7 Rd8 29. Bxf5 Rd2 30. Rc6 Rxb2 31. Rxc4 Rxb4 32. Rc7 h6 33. Rxe7+
Kf6 34. Re6+ Kxf5 35. Rxa6 Kg5 36. Kg2 h5 37. Ra5+ Kh4 38. Ra8 Rb6 39. Ra4 Rg6+
40. Kh1 Kh3 41. Ra5 h4 1/2-1/2

[Event "XIII Memorial Edoardo Crespi Open"]
[Site "Milano ITA"]
[Date "1992.12.??"]
[Round "3"]
[White "Cazzaniga, Walter"]
[Black "Pagnoncelli, Marco"]
[Result "1-0"]
[WhiteElo "2100"]
[BlackElo "1600"]
[PlyCount "55"]
[EventDate "1992.12.05"]

1. e4 c5 2. Nc3 Nc6 3. f4 d6 4. Nf3 Nf6 5. Bc4 e6 6. O-O a6 7. a4 Be7 8. d3 O-O
9. Kh1 Bd7 10. f5 Na5 11. fxe6 Bxe6 12. Bd5 Nxd5 13. exd5 Bg4 14. Bd2 Re8 15.
Ne4 b5 16. Qe1 Nb7 17. Qg3 Qd7 18. Bc3 b4 19. Bxg7 Kxg7 20. h3 h5 21. hxg4 Qxg4
22. Qf2 Qg6 23. Rae1 Bf6 24. Nh4 Bxh4 25. Qxh4 f5 26. Re3 fxe4 27. Rg3 Rf8 28.
Qe7+ 1-0

[Event "XIII Memorial Edoardo Crespi Open"]
[Site "Milano ITA"]
[Date "1992.12.??"]
[Round "3"]
[White "Ceresoli, Luigi"]
[Black "Giani, Franco"]
[Result "1-0"]
[WhiteElo "2103"]
[BlackElo "1848"]
[PlyCount "75"]
[EventDate "1992.12.05"]

1. e4 d6 2. d4 f5 3. Nc3 Nf6 4. Bd3 fxe4 5. Nxe4 g6 6. Bg5 Nxe4 7. Bxe4 d5 8.
Bd3 Bg7 9. c3 O-O 10. h4 Bf5 11. Nf3 Qd6 12. Qd2 e5 13. dxe5 Bxe5 14. Nxe5
Qxe5+ 15. Be3 Nd7 16. O-O-O Bxd3 17. Qxd3 c6 18. h5 Qf5 19. hxg6 hxg6 20. Bd4
Nf6 21. Qxf5 gxf5 22. Rh6 Ng4 23. Rg6+ Kf7 24. Rg7+ Ke6 25. Re1+ Kd6 26. Rg6+
Kd7 27. f3 Rg8 28. Rxg8 Rxg8 29. fxg4 Rxg4 30. Re2 b6 31. b4 a5 32. a3 axb4 33.
axb4 b5 34. Kd2 Rg8 35. Ke3 Rg4 36. Kf3 Rh4 37. g3 Re4 38. Rxe4 1-0

[Event "XIII Memorial Edoardo Crespi Open"]
[Site "Milano ITA"]
[Date "1992.12.??"]
[Round "3"]
[White "Legky, Nikolay A."]
[Black "Salami, Marco"]
[Result "1-0"]
[WhiteElo "2480"]
[BlackElo "2007"]
[PlyCount "71"]
[EventDate "1992.12.05"]

1. d4 Nf6 2. c4 c5 3. d5 b5 4. cxb5 a6 5. bxa6 g6 6. Nc3 Bxa6 7. e4 Bxf1 8.
Kxf1 d6 9. g3 Bg7 10. Kg2 O-O 11. Nf3 Nbd7 12. h3 Qa5 13. Re1 Ne8 14. Bg5 f6
15. Bd2 Nc7 16. a4 Qa6 17. Qc2 Ne5 18. Nxe5 fxe5 19. b3 Rab8 20. Rab1 Rf7 21.
Rb2 Rbf8 22. Be3 e6 23. Rd1 exd5 24. Nxd5 Ne6 25. b4 Nd4 26. b5 Qa5 27. Qc4 Kh8
28. b6 Qa8 29. Ra1 h5 30. a5 h4 31. a6 hxg3 32. fxg3 Rf2+ 33. Bxf2 Qe8 34. Be3
Qf7 35. Rf1 Nf3 36. Rbf2 1-0

[Event "XIII Memorial Edoardo Crespi Open"]
[Site "Milano ITA"]
[Date "1992.12.??"]
[Round "3"]
[White "Marzano, Carlo"]
[Black "Rizzuti, Pasquale"]
[Result "0-1"]
[WhiteElo "2063"]
[BlackElo "1714"]
[PlyCount "47"]
[EventDate "1992.12.05"]

1. d4 Nf6 2. Nf3 g6 3. c4 Bg7 4. Nc3 d5 5. cxd5 Nxd5 6. e4 Nxc3 7. bxc3 c5 8.
Be3 O-O 9. Rc1 cxd4 10. cxd4 Bg4 11. Qd2 Bxf3 12. gxf3 Nc6 13. d5 Ne5 14. Be2
Qd7 15. h4 h5 16. f4 Ng4 17. Bd4 Nf6 18. Bf3 Rfc8 19. Ke2 a5 20. Rxc8+ Rxc8 21.
Qxa5 Nxd5 22. Bxg7 Rc2+ 23. Kd3 Nb4+ 24. Ke3 0-1

[Event "XIII Memorial Edoardo Crespi Open"]
[Site "Milano ITA"]
[Date "1992.12.??"]
[Round "3"]
[White "Muraro, Alberto"]
[Black "Pieri, Filippo"]
[Result "1/2-1/2"]
[WhiteElo "1963"]
[BlackElo "2235"]
[PlyCount "42"]
[EventDate "1992.12.05"]

1. e4 c5 2. Nf3 d6 3. d4 cxd4 4. Nxd4 Nf6 5. Nc3 g6 6. Be3 Bg7 7. f3 Nc6 8. Bc4
O-O 9. Qd2 Bd7 10. O-O-O Rc8 11. Bb3 Ne5 12. h4 h5 13. Bh6 Bxh6 14. Qxh6 Rxc3
15. bxc3 Qa5 16. Kb1 b5 17. g4 Qxc3 18. gxh5 Nc4 19. Bxc4 bxc4 20. hxg6 Rb8+
21. Nb3 cxb3 1/2-1/2

[Event "XIII Memorial Edoardo Crespi Open"]
[Site "Milano ITA"]
[Date "1992.12.??"]
[Round "3"]
[White "Redo, Nicola"]
[Black "Nurkic, Sahbaz"]
[Result "0-1"]
[WhiteElo "2039"]
[BlackElo "2435"]
[PlyCount "43"]
[EventDate "1992.12.05"]

1. Nf3 b5 2. e4 Bb7 3. e5 a6 4. d4 e6 5. Bd3 d6 6. O-O Nd7 7. Ng5 dxe5 8. Nxe6
fxe6 9. Qh5+ Ke7 10. dxe5 g6 11. Bxg6 hxg6 12. Qxh8 Kf7 13. Bf4 Bg7 14. Qh7 Nb6
15. Nc3 b4 16. Ne2 Qd5 17. Qh3 Ne7 18. Rad1 Qe4 19. Qg4 Nf5 20. Rfe1 Nd5 21.
Qf3 Qxf3 22. gxf3 0-1

[Event "XIII Memorial Edoardo Crespi Open"]
[Site "Milano ITA"]
[Date "1992.12.??"]
[Round "3"]
[White "Tradardi, Mario"]
[Black "Fernandez, Antonio"]
[Result "0-1"]
[WhiteElo "2004"]
[BlackElo "2345"]
[PlyCount "74"]
[EventDate "1992.12.05"]

1. e4 c5 2. Nf3 e6 3. d4 cxd4 4. c3 Nf6 5. e5 Nd5 6. cxd4 d6 7. Nc3 Nxc3 8.
bxc3 Qc7 9. Bd2 Nd7 10. exd6 Bxd6 11. Bd3 O-O 12. O-O b6 13. h3 Bb7 14. Re1
Rfe8 15. Ng5 Nf6 16. Ne4 Nxe4 17. Bxe4 Bxe4 18. Rxe4 Qc4 19. Qh5 g6 20. Qh6 Bf8
21. Qf4 Rad8 22. a4 Rd5 23. Qf3 Rc8 24. Qe2 Ra5 25. Qd1 h5 26. g4 Bg7 27. f3
hxg4 28. hxg4 b5 29. axb5 Rxa1 30. Qxa1 Qd3 31. Qd1 Rxc3 32. Qe2 Bxd4+ 33. Kg2
Qxe2+ 34. Rxe2 Rc2 35. Kf1 Rb2 36. Ke1 Rb1+ 37. Bc1 Rxc1+ 0-1

[Event "XIII Memorial Edoardo Crespi Open"]
[Site "Milano ITA"]
[Date "1992.12.??"]
[Round "4"]
[White "Iudicello, Massimo"]
[Black "Tarek, Youssef"]
[Result "0-1"]
[WhiteElo "1979"]
[BlackElo "1654"]
[PlyCount "88"]
[EventDate "1992.12.05"]

1. e4 e5 2. Nf3 Nc6 3. Bb5 a6 4. Ba4 Nf6 5. d4 exd4 6. O-O Be7 7. Re1 b5 8. Bb3
d6 9. Bd5 Nxd5 10. exd5 Ne5 11. Nxd4 O-O 12. Nc3 Re8 13. Ne4 h6 14. c3 Bd7 15.
f4 Ng6 16. Rf1 Bf8 17. Ng3 Qh4 18. Ndf5 Qf6 19. Nd4 Ne7 20. Qf3 Nf5 21. Ngxf5
Bxf5 22. Be3 Qg6 23. Nxf5 Qxf5 24. g4 Qe4 25. Bd4 Qxf3 26. Rxf3 Re2 27. Rf2
Rae8 28. Kf1 R2e4 29. h3 Be7 30. Re2 Bh4 31. Rxe4 Rxe4 32. f5 h5 33. f6 hxg4
34. fxg7 gxh3 35. Kg1 Re2 36. a4 f6 37. axb5 axb5 38. Ra8+ Kxg7 39. Ra7 Bg3 40.
Ra1 Rxb2 41. Rd1 Kg6 42. c4 Rg2+ 43. Kh1 bxc4 44. Rc1 f5 0-1

[Event "XIII Memorial Edoardo Crespi Open"]
[Site "Milano ITA"]
[Date "1992.12.??"]
[Round "4"]
[White "Lagrotteria, Salvatore"]
[Black "Barbieri, Giovanni"]
[Result "1-0"]
[WhiteElo "2250"]
[BlackElo "1884"]
[PlyCount "109"]
[EventDate "1992.12.05"]

1. Nf3 Nf6 2. g3 g6 3. Bg2 Bg7 4. d3 d6 5. O-O O-O 6. e4 Nbd7 7. Nbd2 c5 8. a4
Rb8 9. Nc4 Ng4 10. Nfd2 Nge5 11. Ne3 Nc6 12. c3 Nde5 13. Qe2 e6 14. f4 Nd7 15.
Ndc4 Nb6 16. Nxb6 Qxb6 17. Nc4 Qd8 18. e5 dxe5 19. fxe5 Qc7 20. Bf4 b6 21. Nd6
Ba6 22. Qe4 Ne7 23. b4 Nd5 24. b5 Bc8 25. c4 Nxf4 26. Rxf4 f6 27. Qc6 Qe7 28.
exf6 Bxf6 29. Raf1 Bd7 30. Qc7 Be5 31. Rf7 Qxd6 32. Qxd6 Bxd6 33. Rxd7 Be5 34.
Rf3 Rbd8 35. Rxf8+ Rxf8 36. Rxa7 Rf7 37. Ra8+ Rf8 38. Ra7 Rf7 39. Ra6 Bc7 40.
Bh3 Re7 41. a5 bxa5 42. b6 Be5 43. Rxa5 Kg7 44. Kf1 Kf6 45. Rxc5 Bd4 46. Rc6 g5
47. c5 h5 48. Rc7 Be5 49. Rxe7 Kxe7 50. c6 g4 51. Bg2 Kd8 52. Be4 h4 53. gxh4
Bxh2 54. Bg6 Bd6 55. Bf7 1-0

[Event "XIII Memorial Edoardo Crespi Open"]
[Site "Milano ITA"]
[Date "1992.12.??"]
[Round "4"]
[White "Ljubisavljevic, Zivojin Z."]
[Black "Legky, Nikolay A."]
[Result "1-0"]
[WhiteElo "2260"]
[BlackElo "2480"]
[PlyCount "77"]
[EventDate "1992.12.05"]

1. d4 d5 2. c3 Nf6 3. Bg5 e6 4. Nd2 Be7 5. e3 h6 6. Bxf6 Bxf6 7. f4 O-O 8. Ngf3
b6 9. h4 g6 10. Bd3 Ba6 11. Bxa6 Nxa6 12. Qe2 Nb8 13. g4 Be7 14. O-O-O c5 15.
h5 g5 16. fxg5 hxg5 17. Ne5 Qe8 18. Rdf1 Nc6 19. Ndf3 Nxe5 20. Nxe5 b5 21. dxc5
Bxc5 22. Qd3 Bd6 23. Nf3 Qe7 24. h6 Rac8 25. Rh5 f6 26. Qg6+ Kh8 27. Nd4 Be5
28. Qg7+ Qxg7 29. hxg7+ Kxg7 30. Nxe6+ Kg6 31. Nxf8+ Rxf8 32. Rfh1 f5 33. Rh6+
Kg7 34. Re6 Bg3 35. Rhh6 fxg4 36. Rhg6+ Kf7 37. Ref6+ Ke7 38. Rxf8 Kxf8 39.
Rxg5 1-0

[Event "XIII Memorial Edoardo Crespi Open"]
[Site "Milano ITA"]
[Date "1992.12.??"]
[Round "4"]
[White "Nieus, Thierry"]
[Black "Barlocco, Carlo"]
[Result "0-1"]
[WhiteElo "1797"]
[BlackElo "2340"]
[PlyCount "66"]
[EventDate "1992.12.05"]

1. c4 c6 2. Nf3 d5 3. g3 Bf5 4. b3 Bxb1 5. Rxb1 e6 6. Bb2 Nf6 7. Bg2 Be7 8. O-O
O-O 9. d3 Nbd7 10. Qc2 b5 11. e4 Qb6 12. e5 Ne8 13. Rbe1 a5 14. Bh3 a4 15. Bc1
axb3 16. axb3 Nc7 17. Qe2 bxc4 18. bxc4 Ra4 19. Bf4 Qa6 20. Rc1 Rb8 21. Rc2 Rb3
22. Nd2 Rba3 23. Nb1 Ra1 24. Nc3 R4a3 25. Rxa1 Rxa1+ 26. Bf1 Bb4 27. Ra2 Rxa2
28. Nxa2 Bf8 29. Nc3 Qa1 30. Qd2 Bb4 31. Qa2 Bxc3 32. Qb3 Qb2 33. Qa4 Qb7 0-1

[Event "XIII Memorial Edoardo Crespi Open"]
[Site "Milano ITA"]
[Date "1992.12.??"]
[Round "4"]
[White "Pieri, Filippo"]
[Black "Ceresoli, Luigi"]
[Result "1-0"]
[WhiteElo "2235"]
[BlackElo "2103"]
[PlyCount "57"]
[EventDate "1992.12.05"]

1. e4 e5 2. Nf3 Nc6 3. d4 Nf6 4. Bc4 exd4 5. O-O d6 6. Nxd4 Be7 7. Nc3 O-O 8.
h3 Ne5 9. Be2 c5 10. Nb3 Re8 11. f4 Nc6 12. Be3 Bf8 13. Bf3 a6 14. Bf2 Qc7 15.
g4 b5 16. g5 b4 17. gxf6 bxc3 18. Kh2 cxb2 19. Rb1 gxf6 20. Rg1+ Kh8 21. Bh4
Be7 22. Qe1 Bb7 23. Qc3 Qd8 24. Rxb2 Rb8 25. Rbb1 a5 26. Rbd1 Rc8 27. Bh5 Rf8
28. Nxc5 Nb4 29. Qg3 1-0